[Event "AUTO-INT-1873"]
[Site "http://www.queenalice.com/game.php?id=859134"]
[Date "2010.11.15"]
[Round "1"]
[White "chessweed69"]
[Black "Emiya_S"]
[Result "1-0"]
[WhiteElo "1612"]
[BlackElo "1376"]

1. e4 c5 2. Nc3 Nc6 3. Nf3 e5 4. Bc4 Nf6 5. h3 d6 6. Ng5 d5 7. exd5 Ne7 8. Nxf7
Kxf7 9. d6+ Ned5 10. Nxd5 Nxd5 11. Bxd5+ Ke8 12. Qh5+ g6 13. Qxe5+ Kd7 14. Qe6#
1-0

[Event "Challenge"]
[Site "http://www.queenalice.com/game.php?id=863431"]
[Date "2010.11.24"]
[Round "-"]
[White "Emiya_S"]
[Black "kleberrocha"]
[Result "0-1"]
[WhiteElo "1374"]
[BlackElo "1440"]

1. e4 e5 2. Nf3 Qf6 3. Nc3 g5 4. h3 d6 5. d3 g4 6. hxg4 Bxg4 7. Be2 Nc6 8. Nh4
Bxe2 9. Qxe2 Nd4 10. Bg5 Qxg5 11. Qe3 Nxc2+ 12. Ke2 Nxe3 13. fxe3 Bh6 14. Nd1
Nf6 15. Nc3 Qxe3+ 16. Kd1 Qd2# 0-1

[Event "Challenge"]
[Site "http://www.queenalice.com/game.php?id=863694"]
[Date "2010.11.25"]
[Round "-"]
[White "Emiya_S"]
[Black "plot24"]
[Result "0-1"]
[WhiteElo "1361"]
[BlackElo "1267"]

1. e4 e5 2. Nf3 Nc6 3. Nc3 Nf6 4. d3 h6 5. Be3 d6 6. Qe2 Be7 7. O-O-O O-O 8. Qd2
Ng4 9. h3 Nxe3 10. Qxe3 f5 11. exf5 Bxf5 12. d4 exd4 13. Bc4+ Kh8 14. Nxd4 Ne5
15. Be6 Bh7 16. Qg3 Bh4 17. Qe3 Bg5 18. f4 Bxf4 19. Rhf1 Bxe3+ 20. Kb1 Rxf1 21.
Rxf1 Bxd4 22. Kc1 Qg5+ 23. Kb1 Bxc2+ 24. Kxc2 Qxg2+ 25. Kd1 Qxf1+ 26. Kc2 a5 27.
Kb3 Bxc3 28. bxc3 a4+ 29. Kb4 c5+ 30. Ka3 Qc1# 0-1

[Event "Challenge"]
[Site "http://www.queenalice.com/game.php?id=870807"]
[Date "2010.12.12"]
[Round "-"]
[White "Emiya_S"]
[Black "FernandoAbreu"]
[Result "0-1"]
[WhiteElo "1356"]
[BlackElo "1615"]

1. e4 e5 2. Nf3 Nc6 3. Bb5 Qf6 4. Nc3 Nge7 5. O-O a6 6. Bxc6 Nxc6 7. Re1 Bc5 8.
Re2 d6 9. d3 h6 10. Nd5 Qd8 11. Qd2 Be6 12. Nc3 Bb4 13. a3 Bxc3 14. Qxc3 O-O 15.
Qe1 Bg4 16. Re3 Bxf3 17. Rxf3 Nd4 18. Re3 Nxc2 19. Qd2 Nxa1 20. Qc3 d5 21. exd5
Qxd5 22. b4 Nb3 23. Rxe5 Nxc1 24. Rxd5 Ne2+ 25. Kf1 Nxc3 26. Rc5 Nb1 27. Ke2
Rfe8+ 28. Kf3 Nd2+ 29. Kg3 Rad8 30. Rc3 c6 31. f3 Rd4 32. a4 Rxb4 33. Rc2 Re2
0-1

[Event "Challenge"]
[Site "http://www.queenalice.com/game.php?id=873645"]
[Date "2010.12.18"]
[Round "-"]
[White "tio_revas"]
[Black "Emiya_S"]
[Result "1-0"]
[WhiteElo "1543"]
[BlackElo "1374"]

1. e4 c5 2. e5 d6 3. Nf3 Nc6 4. Bb5 Qb6 5. Nc3 Bg4 6. h3 Be6 7. exd6 exd6 8. O-O
Nf6 9. Ng5 d5 10. Qe2 d4 11. Nxe6 dxc3 12. Nc7+ Kd7 13. Nxa8 Qxb5 14. Re1 Qxe2
15. Rxe2 cxb2 16. Bxb2 Be7 17. Rae1 Rxa8 18. Be5 Re8 19. Re3 b6 20. Rd3+ Ke6 21.
Bg3+ Ne4 22. Rxe4+ Kf6 23. Rf3+ Kg5 24. h4+ Kh5 25. Rf5+ Kg6 26. Rd5 Kf6 27.
Be5+ Nxe5 28. Rdxe5 Rd8 29. Rxe7 Rd4 30. Rxd4 cxd4 31. Rxa7 g6 32. f4 h6 33. Ra6
Kf5 34. g3 f6 35. Rxb6 g5 36. Rb5+ Kg4 37. Kg2 gxh4 38. Rb1 hxg3 39. Rf1 f5 40.
a4 h5 41. Rh1 h4 42. a5 1-0

[Event "Challenge"]
[Site "http://www.queenalice.com/game.php?id=873646"]
[Date "2010.12.18"]
[Round "-"]
[White "Emiya_S"]
[Black "tio_revas"]
[Result "0-1"]
[WhiteElo "1365"]
[BlackElo "1552"]

1. d4 d5 2. c4 Nf6 3. cxd5 Qxd5 4. Nc3 Qc4 5. e3 Qe6 6. Bb5+ c6 7. d5 Qe5 8.
dxc6 bxc6 9. Nf3 Qc5 10. Ba4 Bg4 11. O-O e5 12. Qd2 e4 13. Nd4 Qg5 14. Bd1 Bb4
15. Bxg4 Qxg4 16. Qe2 a5 17. Qxg4 Nxg4 18. a3 Bd6 19. g3 Na6 20. Nxc6 O-O 21.
Nxe4 Be5 22. Ne7+ Kh8 23. Nc6 a4 24. Ne7 h6 25. f3 Nf6 26. Nxf6 Bxf6 27. Nd5 Nc5
28. Nc7 Ra7 29. Nb5 Rd7 30. Nc3 Nb3 31. Rb1 Rfd8 32. e4 Bxc3 33. bxc3 Rd1 34. g4
Rxf1+ 35. Kxf1 Rd1+ 36. Ke2 Rh1 37. Bf4 Rxb1 38. Kd3 Ra1 39. e5 Rxa3 40. g5 Ra1
41. Kc4 hxg5 42. Bxg5 Rf1 43. f4 Nd2+ 44. Kd3 a3 45. Kxd2 a2 46. e6 a1=Q 0-1

[Event "Challenge"]
[Site "http://www.queenalice.com/game.php?id=891008"]
[Date "2011.1.25"]
[Round "-"]
[White "Emiya_S"]
[Black "CRICARDOP"]
[Result "1-0"]
[WhiteElo "1352"]
[BlackElo "1080"]

1. e4 Nc6 2. Nc3 Nd4 3. Nf3 Nxf3+ 4. Qxf3 e6 5. Bb5 Qg5 6. d3 Qe5 7. Bf4 Qc5 8.
O-O a6 9. Ba4 Nf6 10. Be3 Qb4 11. e5 Nd5 12. Bb3 Nxc3 13. Bd2 Qc5 14. Bxc3 Be7
15. Rfe1 Bh4 16. Re2 d6 17. Qf4 dxe5 18. Qxh4 O-O 19. Bxe5 f6 20. Bg3 a5 21.
Bxe6+ Bxe6 22. Rxe6 Rae8 23. Rae1 Qb4 24. b3 Rxe6 25. f3 Rfe8 26. Rxe6 Qc5+ 27.
d4 Qb5 28. Rxe8+ Qxe8 29. Qe4 Qb5 30. Qe7 h6 31. Bxc7 Qe2 32. Qxe2 b6 33. Bxb6
Kh7 34. Bxa5 Kg6 35. Qe4+ Kf7 36. d5 g5 37. d6 Kg7 38. d7 Kf7 39. d8=Q g4 40.
fxg4 Kg7 41. Qd7+ Kf8 42. Qee8# 1-0

[Event "Challenge"]
[Site "http://www.queenalice.com/game.php?id=901904"]
[Date "2011.2.17"]
[Round "-"]
[White "tio_revas"]
[Black "Emiya_S"]
[Result "0-1"]
[WhiteElo "1517"]
[BlackElo "1351"]

1. d4 d5 2. Nc3 Nc6 3. e4 e6 4. Nf3 Bb4 5. e5 Nge7 6. Bd2 Bxc3 7. Bxc3 O-O 8.
Ng5 Ng6 9. Bd3 Qxg5 10. g3 Qe7 11. a3 Bd7 12. O-O a6 13. b4 b5 14. Bd2 Nxd4 15.
Be3 Nc6 16. Bc5 Qd8 17. Bxf8 Qxf8 18. Bxg6 fxg6 19. f4 Qd8 20. h4 h5 21. g4 Qxh4
22. Qf3 hxg4 23. Qh1 Qg3+ 24. Qg2 Qe3+ 25. Qf2 Qf3 26. Qxf3 gxf3 27. Rxf3 Be8
28. Rh3 Nd4 29. Kf2 Nxc2 30. Rah1 Bc6 31. Rh8+ Kf7 32. f5 gxf5 33. Rg1 Rxh8 34.
Kf3 d4+ 35. Ke2 Rh2+ 36. Kf1 Nxa3 37. Ke1 d3 38. Kd1 Re2 39. Re1 Rxe1+ 40. Kxe1
Bf3 41. Kd2 Be4 42. Kc3 f4 43. Kd4 d2 44. Kxe4 d1=Q 45. Kxf4 Qd4+ 46. Kg5 Qxb4
47. Kh5 Qc5 48. Kg4 Qxe5 49. Kh4 Qf5 50. Kg3 Qe4 51. Kf2 Qd3 52. Kg2 Qe3 53. Kf1
Qd2 54. Kg1 Qe2 55. Kh1 b4 56. Kg1 b3 57. Kh1 b2 58. Kg1 b1=R# 0-1

[Event "Challenge"]
[Site "http://www.queenalice.com/game.php?id=912761"]
[Date "2011.3.14"]
[Round "-"]
[White "edemarc"]
[Black "Emiya_S"]
[Result "1-0"]
[WhiteElo "1601"]
[BlackElo "1357"]

1. e4 c5 2. Nc3 d6 3. Nf3 Nf6 4. Bd3 Nc6 5. O-O g6 6. Ng5 Bg7 7. Bc4 e6 8. Re1
Bh6 9. f4 Bxg5 10. fxg5 Nh5 11. d3 O-O 12. Nb5 e5 13. c3 Qe8 14. Nc7 Qd7 15.
Nxa8 b6 16. Bd5 Ba6 17. Nxb6 axb6 18. a3 Bc8 19. Rf1 Qc7 20. Rf6 Nxf6 21. gxf6
Nb8 22. Be3 Qd8 23. Qf3 Nd7 24. Bg5 b5 25. c4 bxc4 26. dxc4 Qc7 27. a4 Bb7 28.
h3 Bxd5 29. exd5 Qb7 30. b3 Qb4 31. a5 Qe1+ 32. Rxe1 Ra8 33. Ra1 Ra6 34. Qe2 Ra7
35. a6 Rc7 36. Qd2 Nb6 37. Qa5 Na8 38. a7 e4 39. Re1 Rc8 40. Rxe4 Kf8 41. Re7
Kg8 42. Rd7 Re8 43. Rd8 Kf8 44. Bh6+ 1-0

[Event "Jhonatan"]
[Site "http://www.queenalice.com/game.php?id=922867"]
[Date "2011.4.7"]
[Round "-"]
[White "jhonatansouza"]
[Black "Emiya_S"]
[Result "1-0"]
[WhiteElo "1448"]
[BlackElo "1401"]

1. e4 c5 2. Nf3 d6 3. Bc4 Nc6 4. O-O Nf6 5. Ng5 Be6 6. Bxe6 fxe6 7. f4 d5 8. e5
Nd7 9. Nxe6 Qc8 10. Nc3 d4 11. Nd5 Rb8 12. Ndc7+ Kf7 13. Qg4 Nd8 14. Nxd8+ Qxd8
15. Qe6# 1-0

[Event "Jhonatan"]
[Site "http://www.queenalice.com/game.php?id=922868"]
[Date "2011.4.7"]
[Round "-"]
[White "Emiya_S"]
[Black "jhonatansouza"]
[Result "1-0"]
[WhiteElo "1443"]
[BlackElo "1421"]

1. e4 e5 2. Nf3 Nc6 3. Nc3 Nf6 4. Bb5 Na5 5. Nxe5 c6 6. Ba4 Bd6 7. Nf3 b5 8. e5
Qe7 9. Bb3 Bc5 10. O-O Nh5 11. d3 O-O 12. Bg5 Qe8 13. Re1 Qe6 14. Bxe6 fxe6 15.
Be3 Bb4 16. Bd4 c5 17. Be3 Nc6 18. Rf1 Ba6 19. Bxc5 Bxc5 20. Qe2 Nf4 21. Qd1 d6
22. exd6 1-0

[Event "Challenge"]
[Site "http://www.queenalice.com/game.php?id=943972"]
[Date "2011.5.29"]
[Round "-"]
[White "Emiya_S"]
[Black "JabbaTheHutGoesMassive"]
[Result "1-0"]
[WhiteElo "1379"]
[BlackElo "1437"]

1. e4 c5 2. Nc3 g6 3. Nf3 Bg7 4. Bc4 e6 5. O-O Nc6 6. Bb5 Nge7 7. b3 a6 8. Be2
O-O 9. d3 Bxc3 10. Rb1 f5 11. Bh6 fxe4 12. dxe4 Bg7 13. Bxg7 Kxg7 14. Re1 d5 15.
exd5 exd5 16. Ng5 Nf5 17. Qd2 h6 18. Nf3 b5 19. Bf1 1-0

[Event "Challenge"]
[Site "http://www.queenalice.com/game.php?id=943973"]
[Date "2011.5.29"]
[Round "-"]
[White "JabbaTheHutGoesMassive"]
[Black "Emiya_S"]
[Result "0-1"]
[WhiteElo "1419"]
[BlackElo "1397"]

1. Nf3 d5 2. c4 Nf6 3. cxd5 Qxd5 4. Nc3 Qd8 5. g3 Nc6 6. Bg2 e5 7. O-O Bd6 8. d4
O-O 9. Bg5 Bb4 10. dxe5 Qxd1 11. Rfxd1 Nd7 12. Nd5 Ba5 13. Ne7+ Nxe7 14. Bxe7
Re8 15. b4 Bxb4 16. Bxb4 b6 17. Nh4 Rxe5 18. Bxa8 Rxe2 19. Re1 Ba6 0-1

[Event "Nuevo juego"]
[Site "http://www.queenalice.com/game.php?id=951453"]
[Date "2011.6.18"]
[Round "-"]
[White "Emiya_S"]
[Black "tio_revas"]
[Result "0-1"]
[WhiteElo "1387"]
[BlackElo "1598"]

1. e4 e5 2. Nf3 Nc6 3. Nc3 Nf6 4. d3 Nd4 5. Nxe5 d6 6. Nc4 Bg4 7. Be2 h5 8. Bxg4
hxg4 9. Bg5 Rh5 10. Be3 c5 11. O-O d5 12. exd5 Bd6 13. Nxd6+ Qxd6 14. Re1 Qxh2+
0-1

[Event "AUTO-INT-2132"]
[Site "http://www.queenalice.com/game.php?id=979998"]
[Date "2011.9.1"]
[Round "1"]
[White "johndavidtelker"]
[Black "Emiya_S"]
[Result "1-0"]
[WhiteElo "1709"]
[BlackElo "1456"]

1. d4 d5 2. Nf3 e6 3. e3 Nc6 4. a3 Nf6 5. b4 a6 6. Bb2 Bd6 7. Nbd2 O-O 8. c4 Re8
9. c5 Bf8 10. Bd3 h6 11. O-O b6 12. Rc1 Bb7 13. e4 Ng4 14. e5 Qd7 15. h3 Nf6 16.
exf6 bxc5 17. fxg7 Bxg7 18. bxc5 Nxd4 19. Nxd4 Bxd4 20. Bxd4 Rab8 21. Qg4+ Kf8
22. Qg7+ Ke7 23. Bf6# 1-0

[Event "AUTO-INT-2132"]
[Site "http://www.queenalice.com/game.php?id=979999"]
[Date "2011.9.1"]
[Round "1"]
[White "Emiya_S"]
[Black "johndavidtelker"]
[Result "0-1"]
[WhiteElo "1448"]
[BlackElo "1799"]

1. d4 Nf6 2. e3 g6 3. Nf3 Bg7 4. Nc3 d6 5. Bc4 O-O 6. O-O a6 7. e4 c5 8. Be3
cxd4 9. Bxd4 Nc6 10. Re1 Nxd4 11. Nxd4 Qb6 12. b3 Nd7 13. Qd3 Qxd4 14. Qxd4 Bxd4
15. Rad1 Bxc3 16. Re3 Bg7 17. a3 Rb8 18. a4 Re8 19. c3 Ne5 20. g3 Bd7 21. Kg2
Nxc4 22. bxc4 Bxa4 23. Ra1 Bc6 24. f3 e6 25. h3 d5 26. cxd5 exd5 27. Kf2 dxe4
28. fxe4 Rxe4 29. Rxe4 Bxe4 30. Ke3 Bc6 31. Ke2 Bxc3 32. Rc1 Be5 33. Rc5 Bxg3
34. Ke3 Re8+ 35. Kd4 Bf2+ 36. Kc4 Bxc5 37. Kxc5 f5 38. Kd6 f4 39. Kc5 f3 0-1

[Event "AUTO-INT-2132"]
[Site "http://www.queenalice.com/game.php?id=980010"]
[Date "2011.9.1"]
[Round "1"]
[White "Emiya_S"]
[Black "NightGhost"]
[Result "0-1"]
[WhiteElo "1458"]
[BlackElo "1874"]

1. e4 c6 2. d3 d5 3. Nc3 dxe4 4. Nxe4 f5 5. Nc3 Nf6 6. Nf3 e6 7. Bg5 h6 8. Bxf6
Qxf6 9. d4 b6 10. Be2 Bb7 11. Qd2 Nd7 12. O-O c5 13. Rfe1 Bd6 14. Bb5 Bxf3 15.
gxf3 Qh4 16. f4 Bxf4 17. Rxe6+ Kf7 18. Qe2 Qxh2+ 19. Kf1 Qh1# 0-1

[Event "AUTO-INT-2132"]
[Site "http://www.queenalice.com/game.php?id=980011"]
[Date "2011.9.1"]
[Round "1"]
[White "NightGhost"]
[Black "Emiya_S"]
[Result "1-0"]
[WhiteElo "1926"]
[BlackElo "1450"]

1. d4 d5 2. c4 e6 3. Nc3 Bb4 4. Nf3 Nf6 5. e3 O-O 6. Bd2 Re8 7. a3 Bd6 8. c5 Be7
9. Qc2 Bd7 10. Bd3 g6 11. O-O b6 12. b4 Ng4 13. h3 Nf6 14. e4 dxe4 15. Bxe4 Bc6
16. Bxc6 Nxc6 17. Be3 Qd7 18. Rad1 Red8 19. Ne5 Qe8 20. Nb5 Rdc8 21. Qe2 Nxe5
22. dxe5 Nd7 23. Qb2 Rd8 24. Nxc7 Qf8 25. Nxa8 Rxa8 26. Rxd7 Rd8 27. Rxa7 Qg7
28. Rxe7 Qxe5 29. Qxe5 Kf8 30. Bg5 Re8 31. Qh8# 1-0